| 000 | 01017nam0a2200313 4500 | ||
|---|---|---|---|
| 001 | RU\NLR\bibl\1221984 | ||
| 005 | 20250615111642.0 | ||
| 010 |
_a978-5-699-24321-1 _96000 |
||
| 021 |
_aRU _b2008-17426 _9951 |
||
| 035 | _a(NLR Aleph) 001208329 | ||
| 090 |
_a62022 _c62022 |
||
| 100 | _a20080504d2008 |||y0rusy50 ca | ||
| 101 | 0 | _arus | |
| 102 | _aRU | ||
| 105 | _ay ||||||||| | ||
| 200 | 1 |
_aЖивая и мертвая вода _e[рецепты, рекомендации по лечению] _fЕ. Штельмах |
|
| 210 |
_aМосква _cЭксмо _d2008 |
||
| 215 |
_a221, [1] с. _d20 |
||
| 606 | 1 |
_aВода _xЛечебное применение _92173493 _3RU\NLR\auth\661307315 |
|
| 606 | 1 |
_aГидротерапия _91311566 _3RU\NLR\auth\66227542 |
|
| 686 | _aР354.41 | ||
| 686 | _aР123.06 | ||
| 700 | 1 |
_aШтельмах _bЕ. _4070 |
|
| 801 | 0 |
_aRU _bNLR _c20080504 _gRCR |
|
| 801 | 1 |
_aRU _bNLR _c20080504 |
|
| 830 | _aавт. в кат. нет | ||
| 942 | _cBOOK | ||
| 980 | _aNB | ||